00457nam a2200181Ia 4500003000400000005001700004008004100021020001400062040000700076041000800083082002300091100004000114245004000154260003800194300002100232365000800253650001400261OSt20230320094754.0210423s1989 xx 000 0 und d a471870536 cAL aeng a540.028 223bBODG aBODNER (George M);PARDUE (Harry L). aChemistry: an experimental science. aNew YorkbJohn Wiley & Sonsc1989 axvii,1039,60bHB cINR aChemistry